000 01505cam a2200409 i 4500
001 19249345
003 OSt
005 20230904113636.0
008 160825s2018 maua 001 0 eng
010 _a 2016952397
020 _a9781305506725
020 _a1305506723
035 _a(OCoLC)ocn973415961
040 _aMYG
_beng
_cMYG
_erda
_dDLC
042 _alccopycat
050 0 0 _aHB171.5
_b.G96 2018
082 _a330
_bGWA/E
100 1 _aGwartney, James D.
_eauthor.
_99411
245 1 0 _aEconomics :
_bprivate and public choice /
_cJames D. Gwartney (Florida State University), Richard L. Stroup (Montana State University), Russell S. Sobel, (The Citadel), David A. Macpherson (Trinity University, San Antonio, TX).
250 _a16th edition.
264 1 _aAustralia :
_bCengage Learning,
_c[2018]
264 4 _c©2018
300 _axxix, 753 pages :
_billustrations (some color) ;
_c28 cm
336 _atext
_btxt
_2rdacontent
337 _aunmediated
_bn
_2rdamedia
338 _avolume
_bnc
_2rdacarrier
500 _aIncludes index.
650 0 _aEconomics.
650 7 _aEconomics.
_2fast
_0(OCoLC)fst00902116
700 1 _aStroup, Richard,
_eauthor.
700 1 _aSobel, Russell S.,
_d1968-
_eauthor.
700 1 _aMacpherson, David A.,
_d1960-
_eauthor.
906 _a7
_bcbc
_ccopycat
_d2
_encip
_f20
_gy-gencatlg
942 _2ddc
_cBK
_h330
_iGWA/E
_k330
_mGWA/E
999 _c42093
_d42093